Schiller : escrits dramatúrgics / Javier Orduña escrits dramatúrgics / Javier Orduña
ISBN:
84-8590527-X
Descripción Física:
75 p. ; 18 cm
MARC
| LEADER | 00000nam a2200000Ia 4500 | ||
|---|---|---|---|
| 001 | 2264 | ||
| 008 | 160829s1986 xx 000 0 cat d | ||
| 020 | |a 84-8590527-X | ||
| 080 | |a B-2-4 | ||
| 100 | |a Orduña, Javier |9 19890 | ||
| 245 | |a Schiller : |b escrits dramatúrgics / Javier Orduña | ||
| 260 | |a Barcelona : |b Institut del Teatre, Diputació de Barcelona, |c 1986 | ||
| 300 | |a 75 p. ; |c 18 cm | ||
| 490 | |a Materials pedagògics / Diputació de Barcelona ; 1 | ||
| 590 | |a Cronologia. | ||
| 590 | |a Bibliografia. | ||
| 590 | |a Índexs | ||
| 650 | |a Schiller, Friedrich |x Crítica i interpretació |9 25230 | ||
| 710 | 1 | |a Institut del Teatre (Barcelona, Catalunya) |9 52662 | |
| 901 | |a Arxiu | ||
| 942 | |n 1 | ||
| 952 | |0 0 |1 0 |4 0 |6 B24 |7 1 |9 43514 |a Arxiu |b Arxiu |d 2016-12-01 |l 0 |o B-2-4 |p 2264 |r 2016-12-01 00:00:00 |w 2016-12-01 |y ARXIU | ||
| 999 | |c 46060 |d 46060 | ||